| 000 | 01074nam a22000977a 4500 | ||
|---|---|---|---|
| 008 | 170123b xxu||||| |||| 00| 0 eng d | ||
| 100 | _aStever, Rex | ||
| 245 | _aHandling the mails at Corpus Christi | ||
| 260 |
_aDallas _bTaylor Publishing Co. _c1997 |
||
| 650 | _aUnited States -- Texas -- Corpus Christi | Postal Service | Post Offices | Postal History | Postal Markings | Covers | Pre-adhesive Covers | Fee Paid Mail | Free Franks | Postage Dues | Transportation of Mail | Postal Routes | Postal Officials | Postal Rates | Postal Stations | Postal Substations | Provisionals and Forerunners | United States -- History -- Civil War, 1861-1865 | Confederate States of America | Maritime Mail | Shipping Companies and Packet Service | International Mail | Railway Mail | Mobile Post Offices | Air Mail | Air Mail -- First Flights | Air Mail -- Flights | Machine Cancels | Slogan | Rural Free Delivery | Rural Mail | Post Offices | Post Offices, Discontinued | Precancels | Military Mail | United States. Navy. | Metered Mail | Anniversaries, Celebrations, etc. | Cachets | First Days | ||
| 999 |
_c2220 _d2220 |
||